000 00740nam a22002537a 4500
003 BPGM
008 260317b1987 mx aaaagr|||| 001 1 spa d
020 _a968-29-1613-5
040 _aBPGM
_bspa
041 _aspa
_hspa
082 0 4 _b792.04/ N86/
100 _aNÚÑEZ NICOLAS
245 _aTEATRO ANTROPOCÓSMICO
250 _aPRIMERA EDICIÓN
_b1987
260 _aMÉXICO
_bFORO 2000
_c1987
300 _a173 PAGINAS
_c13 cm x 21 cm
336 _2rdacontent
_atexto
_btxt
337 _2rdamedia
_asin mediación
_bn
338 _2rdacarrier
_avolumen
_bnc
650 _aLAS ARTES, BELLAS ARTES Y ARTES DECORATIVAS
650 _aARTES RECREATIVAS Y DE LA ACTUACIÓN
650 _aPRESENTACIONESES ESCÉNICAS
942 _2ddc
_cGENERAL
999 _c68544
_d68544